[Event "Titled Tuesday 2023.09.19 Early"]
[Site "chess.com INT"]
[Date "2023.09.19"]
[Round "2"]
[White "Vakhlamov, I."]
[Black "Kraiouchkine, Nikita"]
[Result "1-0"]
[WhiteElo "2413"]
[BlackElo "2218"]
[PlyCount "71"]
[EventDate "2023.09.19"]
[EventType "swiss (blitz)"]
[EventRounds "11"]
[EventCountry "NET"]
[Source "Mark Crowther"]
[SourceDate "2023.09.25"]

1. e4 e5 2. Nf3 Nc6 3. Nc3 Nf6 4. Bb5 Nd4 5. Nxd4 exd4 6. e5 dxc3 7. exf6 Qxf6
8. dxc3 Bc5 9. O-O O-O 10. a4 c6 11. Bd3 d5 12. Qd2 Bf5 13. Qf4 Bg6 14. Qxf6
gxf6 15. Bf4 Rfe8 16. b4 Bf8 17. Rfe1 Re6 18. Kf1 Rae8 19. Be3 a6 20. Bd4 Bg7
21. Rab1 Rxe1+ 22. Rxe1 Rxe1+ 23. Kxe1 Bxd3 24. cxd3 f5 25. Bxg7 Kxg7 26. Kd2
Kf6 27. Ke3 Ke5 28. d4+ Kf6 29. Kf4 h6 30. f3 Ke6 31. g4 fxg4 32. fxg4 Kf6 33.
a5 Ke6 34. g5 h5 35. h3 f5 36. h4 1-0

[Event "Titled Tuesday 2023.09.19 Early"]
[Site "chess.com INT"]
[Date "2023.09.19"]
[Round "3"]
[White "Kraiouchkine, Nikita"]
[Black "Travadon, Loic"]
[Result "1-0"]
[WhiteElo "2218"]
[BlackElo "2440"]
[PlyCount "63"]
[EventDate "2023.09.19"]
[EventType "swiss (blitz)"]
[EventRounds "11"]
[EventCountry "NET"]
[Source "Mark Crowther"]
[SourceDate "2023.09.25"]

1. e4 e5 2. Nf3 Nc6 3. Nc3 Nf6 4. d4 exd4 5. Nd5 h6 6. Nxd4 Bc5 7. Nb5 Bb6 8.
Nxb6 axb6 9. Bf4 d6 10. f3 O-O 11. Qd2 Bd7 12. a3 Ne5 13. Be2 Ra5 14. Nc3 Ng6
15. Be3 Bc6 16. h4 d5 17. O-O-O Qe7 18. h5 Ne5 19. f4 Neg4 20. e5 Nxe3 21. Qxe3
Qe6 22. Bf3 Rd8 23. Qd4 Nd7 24. g4 Rda8 25. Rhe1 Qe7 26. Bxd5 Nc5 27. e6 fxe6
28. Ba2 Na4 29. Rxe6 Nxc3 30. Rxe7+ Nxa2+ 31. Kb1 b5 32. Qxg7# 1-0

[Event "Titled Tuesday 2023.09.19 Early"]
[Site "chess.com INT"]
[Date "2023.09.19"]
[Round "4"]
[White "Kraiouchkine, Nikita"]
[Black "Kobalia, M."]
[Result "0-1"]
[WhiteElo "2218"]
[BlackElo "2542"]
[PlyCount "100"]
[EventDate "2023.09.19"]
[EventType "swiss (blitz)"]
[EventRounds "11"]
[EventCountry "NET"]
[Source "Mark Crowther"]
[SourceDate "2023.09.25"]

1. e4 c5 2. Nf3 e6 3. d4 cxd4 4. Nxd4 a6 5. Bd3 Bc5 6. Nb3 Be7 7. Qg4 g6 8. Qg3
d6 9. f4 Nf6 10. Be3 Nc6 11. a3 O-O 12. c4 d5 13. e5 Nh5 14. Qf3 f6 15. cxd5
exd5 16. e6 Bxe6 17. N1d2 d4 18. Bf2 Bd5 19. Bc4 Bxc4 20. Nxc4 Qc7 21. g3 b5
22. Ncd2 Rac8 23. Rc1 Qd7 24. O-O f5 25. Nc5 Bxc5 26. Rxc5 Nf6 27. Rfc1 Ne7 28.
Rxc8 Rxc8 29. Rxc8+ Nxc8 30. Qa8 Kf7 31. Qxa6 Ne7 32. Nf3 Qd5 33. Ng5+ Kg7 34.
Ne6+ Kf7 35. Nxd4 Ng4 36. Qxb5 Qe4 37. Qc4+ Nd5 38. Qe2 Nde3 39. Bxe3 Nxe3 40.
Nf3 Kg7 41. b4 Kh6 42. b5 Qb1+ 43. Kf2 Ng4+ 44. Kg2 Qb3 45. h3 Nf6 46. Ne5 Ne4
47. Nf3 Qxa3 48. g4 Qb3 49. g5+ Kg7 50. Qe3 Qxe3 0-1

[Event "Titled Tuesday 2023.08.15 Early"]
[Site "chess.com INT"]
[Date "2023.08.15"]
[Round "9"]
[White "Nosacheva, Mariya"]
[Black "Kraiouchkine, Nikita"]
[Result "1/2-1/2"]
[WhiteElo "2091"]
[BlackElo "2218"]
[PlyCount "75"]
[EventDate "2023.08.15"]
[EventType "swiss (blitz)"]
[EventRounds "11"]
[EventCountry "NET"]
[Source "Mark Crowther"]
[SourceDate "2023.08.21"]

1. e4 e5 2. Nf3 Nc6 3. Bc4 Nf6 4. d4 exd4 5. e5 d5 6. Bb5 Ne4 7. Nxd4 Bd7 8.
Bxc6 bxc6 9. O-O Bc5 10. c3 O-O 11. f3 Ng5 12. f4 Ne4 13. Nd2 f6 14. Nxe4 dxe4
15. Qb3+ Kh8 16. e6 Bc8 17. f5 Qd5 18. Be3 Ba6 19. Rf2 Bd3 20. Qd1 Bd6 21. Qg4
c5 22. Ne2 Bxe2 23. Rxe2 Rfd8 24. Rf2 c4 25. Qh4 Rab8 26. Bd4 Bc5 27. Bxc5 Qxc5
28. Qxe4 Rxb2 29. Qf3 h6 30. Raf1 Rdd2 31. g3 Rxa2 32. Qa8+ Kh7 33. Qe8 Rxf2
34. Qg6+ Kg8 35. Qf7+ Kh7 36. Qg6+ Kg8 37. Qf7+ Kh7 38. Qg6+ 1/2-1/2

[Event "Titled Tuesday 2023.08.08 Early"]
[Site "chess.com INT"]
[Date "2023.08.08"]
[Round "1"]
[White "Grigoryan, Meri"]
[Black "Kraiouchkine, Nikita"]
[Result "1-0"]
[WhiteElo "1961"]
[BlackElo "2218"]
[PlyCount "73"]
[EventDate "2023.08.08"]
[EventType "swiss (blitz)"]
[EventRounds "11"]
[EventCountry "NET"]
[Source "Mark Crowther"]
[SourceDate "2023.08.14"]

1. d4 d5 2. Nf3 Nf6 3. Bf4 Bf5 4. e3 e6 5. Bd3 Ne4 6. O-O Nd7 7. Ne5 Nxe5 8.
Bxe5 f6 9. Bg3 Nxg3 10. fxg3 Bxd3 11. Qxd3 f5 12. Nd2 c6 13. c3 Bd6 14. Nf3 O-O
15. b3 Qe7 16. Rae1 e5 17. dxe5 Bxe5 18. Nxe5 Qxe5 19. Qd4 Qe6 20. Rf4 g6 21.
c4 dxc4 22. Qxc4 Qxc4 23. Rxc4 Rad8 24. Re2 Rd1+ 25. Kf2 Rfd8 26. e4 fxe4 27.
Rcxe4 R8d2 28. Re8+ Kf7 29. R8e7+ Kf6 30. Rxb7 a5 31. Ra7 Rd5 32. Rae7 h5 33.
R7e6+ Kf5 34. Rxc6 Rh1 35. h4 a4 36. Rc4 axb3 37. Rf4# 1-0

[Event "Titled Tuesday 2023.06.13t Early"]
[Site "chess.com INT"]
[Date "2023.06.13"]
[Round "1"]
[White "Kraiouchkine, Nikita"]
[Black "Player, Edmund C"]
[Result "0-1"]
[WhiteElo "2218"]
[BlackElo "2204"]
[PlyCount "88"]
[EventDate "2023.06.13"]
[EventType "swiss (blitz)"]
[EventRounds "11"]
[EventCountry "NET"]
[Source "Mark Crowther"]
[SourceDate "2023.06.19"]

1. e4 e6 2. d4 d5 3. Nc3 Bb4 4. exd5 exd5 5. Bd3 Nc6 6. Nge2 Nge7 7. O-O Bf5 8.
a3 Bxd3 9. Qxd3 Bxc3 10. Nxc3 Qd7 11. Re1 O-O 12. Bf4 a6 13. Rad1 Nf5 14. Ne2
Nce7 15. c3 c6 16. f3 Ng6 17. Bc1 Rfe8 18. Ng3 Nxg3 19. hxg3 Rxe1+ 20. Rxe1 Re8
21. Kf2 Rxe1 22. Kxe1 Ne7 23. g4 Nc8 24. Bf4 Nb6 25. Qe2 Qe6 26. Qxe6 fxe6 27.
Kd2 Nc4+ 28. Kc2 Kf7 29. b3 Nxa3+ 30. Kd3 g6 31. c4 dxc4+ 32. bxc4 b5 33. c5
Nc4 34. Ke4 a5 35. Bc1 a4 36. Kd3 Kf6 37. Kc3 e5 38. g5+ Ke6 39. dxe5 Kxe5 40.
f4+ Kd5 41. g4 Ke4 42. Kb4 a3 43. Bxa3 Nxa3 44. Kxa3 Kxf4 0-1

[Event "Titled Tuesday 2023.06.13t Early"]
[Site "chess.com INT"]
[Date "2023.06.13"]
[Round "10"]
[White "Bruedigam, M."]
[Black "Kraiouchkine, Nikita"]
[Result "1-0"]
[WhiteElo "2379"]
[BlackElo "2218"]
[PlyCount "157"]
[EventDate "2023.06.13"]
[EventType "swiss (blitz)"]
[EventRounds "11"]
[EventCountry "NET"]
[Source "Mark Crowther"]
[SourceDate "2023.06.19"]

1. d4 Nf6 2. c4 g6 3. f3 d5 4. cxd5 Nxd5 5. e4 Nb6 6. Nc3 Bg7 7. Be3 O-O 8. Qd2
e5 9. d5 c6 10. h4 cxd5 11. exd5 h5 12. O-O-O Bf5 13. g4 hxg4 14. h5 gxh5 15.
Rxh5 Bg6 16. Rg5 Na6 17. Rxg4 Rc8 18. Bd3 Bxd3 19. Qxd3 Nb4 20. Rxb4 Qd7 21.
Bxb6 axb6 22. Nge2 f5 23. Kb1 e4 24. fxe4 fxe4 25. Qxe4 Rce8 26. Qg4 Qd6 27.
Rg1 Rf7 28. Rf4 Ref8 29. Ne4 Qh6 30. d6 Rxf4 31. Nxf4 Rxf4 32. d7 Rf8 33. Ng5
Qg6+ 34. Ka1 Qf6 35. Qc4+ Kh8 36. Rh1+ Bh6 37. Nf7+ Kg7 38. Nxh6 Rd8 39. Qg4+
Kf8 40. Nf5 Rxd7 41. a3 Rf7 42. Qb4+ Ke8 43. Nd6+ Kd7 44. Nxf7 Qxf7 45. Rd1+
Kc7 46. Qc3+ Kb8 47. Rc1 Ka7 48. Qc2 Qf4 49. Qc3 Qe4 50. Qc2 Qf4 51. Rd1 Qg4
52. Rd3 Qg1+ 53. Ka2 Qg8+ 54. Rb3 Qd5 55. Qc3 Qf5 56. Qb4 Qe6 57. Qb5 Qd6 58.
Kb1 Qg6+ 59. Ka1 Qg1+ 60. Ka2 Qg6 61. Qc4 Qd6 62. Rd3 Qf6 63. Rd5 Qg6 64. Qb4
Qc6 65. Qd6 Qc4+ 66. Kb1 Qe4+ 67. Rd3 Qe1+ 68. Kc2 Qe2+ 69. Kb3 Qe4 70. Qd5 Qg4
71. Qc4 Qf5 72. Qa4+ Kb8 73. Rc3 Qd5+ 74. Qc4 Qd7 75. Ka2 Qf5 76. a4 Ka7 77.
Qb5 Qg6 78. Rb3 Qe6 79. a5 1-0

[Event "Trois-Riveres op"]
[Site "Trois-Rivieres CAN"]
[Date "2017.03.17"]
[Round "1.5"]
[White "Kraiouchkine, Nikita"]
[Black "Saha, Ananda"]
[Result "1-0"]
[WhiteElo "2286"]
[BlackElo "2121"]
[PlyCount "63"]
[EventDate "2017.03.17"]
[EventType "swiss"]
[EventRounds "5"]
[EventCountry "CAN"]

1. e4 c5 2. Nf3 e6 3. d4 cxd4 4. Nxd4 a6 5. Bd3 Bc5 6. Nb3 Be7 7. Qg4 Nf6 8.
Qg3 d6 9. O-O Nbd7 10. c4 Ne5 11. f4 Nxd3 12. Qxd3 O-O 13. Bd2 b6 14. Bc3 Bb7
15. N1d2 Qc7 16. Rae1 Rfd8 17. Nd4 d5 18. cxd5 exd5 19. e5 Ne4 20. Nf5 Nxc3 21.
bxc3 Bc5+ 22. Kh1 Bc8 23. Nf3 Bxf5 24. Qxf5 Bf8 25. e6 f6 26. e7 Bxe7 27. Qe6+
Kf8 28. Ng5 fxg5 29. fxg5+ Bf6 30. gxf6 Re8 31. Qxd5 g6 32. Re7 1-0

[Event "Trois-Riveres op"]
[Site "Trois-Rivieres CAN"]
[Date "2017.03.18"]
[Round "2.4"]
[White "Beaulieu, Eric"]
[Black "Kraiouchkine, Nikita"]
[Result "1-0"]
[WhiteElo "2222"]
[BlackElo "2286"]
[PlyCount "109"]
[EventDate "2017.03.17"]
[EventType "swiss"]
[EventRounds "5"]
[EventCountry "CAN"]

1. d4 Nf6 2. c4 c6 3. Nc3 d5 4. e3 g6 5. Nf3 Bg7 6. Bd3 O-O 7. O-O Bg4 8. h3
Bxf3 9. Qxf3 e6 10. Bd2 Nbd7 11. cxd5 exd5 12. Rfc1 a5 13. Rab1 Qe7 14. Be1
Rfe8 15. Qd1 Ne4 16. Nxe4 dxe4 17. Bf1 Nb6 18. Rc5 a4 19. b4 a3 20. Qb3 Red8
21. Ra5 Rxa5 22. bxa5 Nd7 23. Bb4 c5 24. Bxa3 Qd6 25. Bc4 Qc7 26. Bxf7+ Kh8 27.
Qb5 cxd4 28. Be7 Rb8 29. exd4 e3 30. fxe3 Ne5 31. Qc5 Qxc5 32. Bxc5 Nxf7 33. a6
Bh6 34. d5 Nd8 35. Ba7 Ra8 36. axb7 Nxb7 37. Bd4+ Bg7 38. Bxg7+ Kxg7 39. Rxb7+
Kf6 40. Rb2 Ke5 41. Rd2 Kd6 42. Kf2 Ra4 43. Kf3 g5 44. e4 h5 45. Ke3 Ra3+ 46.
Kd4 Ra4+ 47. Kd3 Ra3+ 48. Ke2 Ra4 49. e5+ Kxe5 50. d6 Ra8 51. d7 Rd8 52. a4 g4
53. hxg4 hxg4 54. Ke3 g3 55. a5 1-0

[Event "Trois-Riveres op"]
[Site "Trois-Rivieres CAN"]
[Date "2017.03.18"]
[Round "3.6"]
[White "Kraiouchkine, Nikita"]
[Black "Zheng, Richard"]
[Result "1-0"]
[WhiteElo "2286"]
[BlackElo "1817"]
[PlyCount "93"]
[EventDate "2017.03.17"]
[EventType "swiss"]
[EventRounds "5"]
[EventCountry "CAN"]

1. Nf3 d5 2. e3 Nf6 3. c4 c5 4. d4 Bg4 5. Qb3 Qb6 6. Ne5 Qxb3 7. axb3 e6 8. Nc3
cxd4 9. Nb5 Bb4+ 10. Bd2 Bxd2+ 11. Kxd2 dxe3+ 12. Kxe3 Na6 13. Nd6+ Ke7 14.
Nxb7 Nb4 15. Bd3 Nxd3 16. Kxd3 Bf5+ 17. Ke2 Rhc8 18. Ra6 Ne4 19. g4 Bg6 20. f3
Rc7 21. fxe4 Rxb7 22. exd5 exd5 23. cxd5 Rxb3 24. Rc1 Rxb2+ 25. Ke3 Rb6 26. Ra5
Rb3+ 27. Kd4 Rb4+ 28. Nc4 a6 29. Re1+ Kd7 30. Kc5 Rb5+ 31. Rxb5 Rc8+ 32. Kd4
Rxc4+ 33. Kxc4 axb5+ 34. Kxb5 Kd6 35. Kc4 h5 36. g5 Bf5 37. Kd4 f6 38. gxf6
gxf6 39. Rf1 Bh3 40. Rxf6+ Ke7 41. Ke5 Bg2 42. d6+ Kd7 43. Rf7+ Ke8 44. d7+
Kxf7 45. d8=Q h4 46. Qf6+ Ke8 47. Kd6 1-0

[Event "Trois-Riveres op"]
[Site "Trois-Rivieres CAN"]
[Date "2017.03.19"]
[Round "4.5"]
[White "Bolduc, Steve"]
[Black "Kraiouchkine, Nikita"]
[Result "1/2-1/2"]
[WhiteElo "2242"]
[BlackElo "2286"]
[PlyCount "73"]
[EventDate "2017.03.17"]
[EventType "swiss"]
[EventRounds "5"]
[EventCountry "CAN"]

1. d4 Nf6 2. Bg5 d5 3. Bxf6 exf6 4. e3 c6 5. g3 Qb6 6. b3 a5 7. a3 Be6 8. Bg2
f5 9. Ne2 f6 10. O-O Be7 11. Nd2 a4 12. c4 axb3 13. c5 Qa6 14. Nxb3 Nd7 15. Qc2
g6 16. Rfc1 O-O 17. a4 Bd8 18. Nf4 Bf7 19. Bf1 Qa7 20. a5 Re8 21. a6 Bc7 22.
Na5 Bxa5 23. Rxa5 b5 24. cxb6 Qxb6 25. Raa1 Rec8 26. Rcb1 Qd8 27. Nd3 Nb6 28.
Nc5 Nc4 29. Rb7 Rc7 30. Rxc7 Qxc7 31. Qb3 Nd6 32. Rb1 Be8 33. Qb6 Qxb6 34. Rxb6
Kf7 35. Bd3 Ke7 36. Kf1 Kd8 37. Ke2 1/2-1/2

[Event "Trois-Riveres op"]
[Site "Trois-Rivieres CAN"]
[Date "2017.03.19"]
[Round "5.4"]
[White "Kraiouchkine, Nikita"]
[Black "Laptos, Kris"]
[Result "1/2-1/2"]
[WhiteElo "2286"]
[BlackElo "2190"]
[PlyCount "117"]
[EventDate "2017.03.17"]
[EventType "swiss"]
[EventRounds "5"]
[EventCountry "CAN"]

1. e4 d6 2. d4 Nf6 3. Nc3 c6 4. f3 Nbd7 5. Be3 e5 6. Qd2 Be7 7. O-O-O b5 8. g4
Nb6 9. dxe5 dxe5 10. Qxd8+ Bxd8 11. Bd3 Be6 12. b3 Nfd7 13. Nge2 Be7 14. Ng3 g6
15. h4 Ba3+ 16. Kb1 a5 17. h5 a4 18. Rh2 Bc5 19. Bc1 O-O-O 20. Rdh1 Rhg8 21.
hxg6 hxg6 22. Bb2 Be3 23. Bc1 Bxc1 24. Kxc1 Nc5 25. Be2 b4 26. Nd1 Kc7 27. Ne3
axb3 28. axb3 Ra8 29. Kd2 Rgd8+ 30. Ke1 Ra2 31. Rh8 Rxh8 32. Rxh8 Ra1+ 33. Kf2
Ra2 34. Kg2 Nxb3 35. cxb3 Bxb3 36. Rh1 Nc4 37. Kf2 Na3 38. Rc1 Kb6 39. Ke1 Be6
40. Nc4+ Bxc4 41. Bxc4 Nxc4 42. Rxc4 Kb5 43. Rc1 c5 44. Ne2 Ra3 45. f4 exf4 46.
Nxf4 Re3+ 47. Kd2 Rxe4 48. Rf1 c4 49. Ne2 Rxg4 50. Rxf7 Rg2 51. Ke3 b3 52. Rb7+
Ka4 53. Nf4 Rg3+ 54. Kd4 Rg4 55. Kc5 Ka3 56. Nd5 Kb2 57. Ne3 Re4 58. Nxc4+ Kc3
59. Rxb3+ 1/2-1/2

[Event "Ligue elite du dimanche"]
[Site "Montreal CAN"]
[Date "2017.01.15"]
[Round "1"]
[White "Kraiouchkine, Nikita"]
[Black "Zhu, Hong Rui"]
[Result "1-0"]
[WhiteElo "2290"]
[BlackElo "2313"]
[PlyCount "89"]
[EventDate "2017.01.15"]
[EventType "tourn"]
[EventRounds "5"]
[EventCountry "CAN"]

1. d4 d5 2. Nf3 e6 3. e3 Bd6 4. b3 c6 5. Bb2 f5 6. Bd3 Nf6 7. Nbd2 O-O 8. Ne5
Ne4 9. O-O Nd7 10. Ndf3 Ndf6 11. c4 Bd7 12. c5 Bc7 13. b4 Be8 14. Qc2 g5 15. a4
g4 16. Nd2 Nxd2 17. Qxd2 Ne4 18. Qe2 Qh4 19. Bxe4 dxe4 20. g3 Qe7 21. Nc4 Rd8
22. Bc3 Rd5 23. Rfb1 a6 24. Rb3 h5 25. Qb2 h4 26. b5 cxb5 27. Na3 Rf7 28. axb5
axb5 29. Nxb5 Bb8 30. Ra8 hxg3 31. hxg3 f4 32. Rxb8 fxg3 33. fxg3 Rdf5 34. Nd6
Rf1+ 35. Kg2 Qf6 36. Rxe8+ Kh7 37. Rh8+ Kg6 38. Rh6+ Kxh6 39. Nxf7+ Qxf7 40.
Qe2 Rc1 41. Be1 Kg5 42. Qf2 Qf3+ 43. Qxf3 gxf3+ 44. Kf1 Rc2 45. Rxb7 1-0

[Event "Ligue elite du dimanche"]
[Site "Montreal CAN"]
[Date "2017.01.29"]
[Round "2"]
[White "Ouellet, Maili-Jade"]
[Black "Kraiouchkine, Nikita"]
[Result "0-1"]
[WhiteElo "2134"]
[BlackElo "2290"]
[PlyCount "64"]
[EventDate "2017.01.15"]
[EventType "tourn"]
[EventRounds "5"]
[EventCountry "CAN"]

1. d4 Nf6 2. c4 g6 3. Nc3 d5 4. cxd5 Nxd5 5. e4 Nxc3 6. bxc3 Bg7 7. Nf3 c5 8.
Rb1 Qc7 9. Be2 Nc6 10. d5 Ne5 11. Nxe5 Qxe5 12. Qa4+ Bd7 13. Bb5 Bxb5 14. Qxb5+
Kf8 15. O-O b6 16. Re1 Qxc3 17. Bg5 h6 18. Qc6 Re8 19. Bh4 Be5 20. Qd7 Qa5 21.
f4 Bxf4 22. e5 Bg5 23. Bxg5 hxg5 24. Rf1 Kg7 25. d6 Qxa2 26. dxe7 Qe6 27. Qxa7
Qxe5 28. g3 Rxe7 29. Qxb6 Qd4+ 30. Kh1 Rxh2+ 31. Kxh2 Re2+ 32. Kh3 Qd7+ 0-1

[Event "Ligue elite du dimanche"]
[Site "Montreal CAN"]
[Date "2017.03.26"]
[Round "4"]
[White "Rodrigue-Lemieux, Shawn"]
[Black "Kraiouchkine, Nikita"]
[Result "1/2-1/2"]
[WhiteElo "2222"]
[BlackElo "2290"]
[PlyCount "146"]
[EventDate "2017.01.15"]
[EventType "tourn"]
[EventRounds "5"]
[EventCountry "CAN"]

1. d4 Nf6 2. Nf3 g6 3. c4 Bg7 4. Nc3 d5 5. Bf4 c5 6. e3 cxd4 7. Nxd4 a6 8. Be2
O-O 9. O-O dxc4 10. Bxc4 Nbd7 11. Bg3 Nb6 12. Bb3 Bg4 13. Qc2 Rc8 14. h3 Bd7
15. Qe2 Rc5 16. Rfd1 e5 17. Nf3 Qe7 18. Bh4 Rfc8 19. Ng5 Be8 20. Nge4 R5c6 21.
Qf3 h6 22. Ba4 Nxa4 23. Bxf6 Qe6 24. Nxa4 Bxf6 25. Nac5 Rxc5 26. Nxf6+ Kg7 27.
Nxe8+ Rxe8 28. Qxb7 Rb5 29. Qc7 Rxb2 30. Qd6 Qf5 31. Rd2 Rxd2 32. Qxd2 Rc8 33.
Rc1 Rxc1+ 34. Qxc1 Qd3 35. Qb2 Kf6 36. Qb6+ Ke7 37. Qc7+ Ke6 38. Qb6+ Qd6 39.
Qb3+ Kf6 40. Qb2 Qc5 41. Qe2 Qc1+ 42. Kh2 Qa3 43. Qf3+ Kg7 44. Qd5 Qc3 45. Kg3
h5 46. a4 a5 47. Qb5 e4 48. Kh2 Kf6 49. Qb6+ Kf5 50. Qd8 Qe5+ 51. g3 g5 52.
Qc8+ Kg6 53. Qg8+ Kf6 54. Qh8+ Ke6 55. Qxh5 Qa1 56. Qg4+ f5 57. Qxg5 Qxa4 58.
Qg6+ Ke5 59. g4 fxg4 60. hxg4 Qd7 61. Qg5+ Kd6 62. Qxa5 Qxg4 63. Qd8+ Ke5 64.
Qc7+ Kd5 65. Qg3 Qf5 66. Qf4 Qg6 67. Kh3 Qh5+ 68. Kg3 Qg6+ 69. Qg4 Qd6+ 70. Qf4
Qg6+ 71. Kh4 Kc4 72. Qg5 Qf7 73. Qf4 Qg6 1/2-1/2

[Event "Ligue elite du dimanche"]
[Site "Montreal CAN"]
[Date "2017.04.16"]
[Round "5"]
[White "Kraiouchkine, Nikita"]
[Black "Huang, Qiuyu"]
[Result "1-0"]
[WhiteElo "2290"]
[BlackElo "2225"]
[PlyCount "119"]
[EventDate "2017.01.15"]
[EventType "tourn"]
[EventRounds "5"]
[EventCountry "CAN"]

1. Nf3 d5 2. e3 Nf6 3. b3 e6 4. Bb2 Be7 5. d4 O-O 6. Bd3 c6 7. Nbd2 Nbd7 8. O-O
b6 9. c4 Bb7 10. Rc1 Rc8 11. Qe2 Qc7 12. cxd5 Nxd5 13. a3 Qb8 14. Rfd1 c5 15.
Bb1 N7f6 16. dxc5 Bxc5 17. Nc4 Be7 18. g3 Nc7 19. Ng5 g6 20. Nd6 Rcd8 21. Be5
Nfd5 22. Ndxf7 Rxf7 23. Nxe6 Nxe6 24. Bxb8 Rxb8 25. b4 Ng5 26. f4 Nh3+ 27. Kf1
Rd8 28. Ba2 Kg7 29. Bxd5 Bxd5 30. Rc7 Ng5 31. Rxe7 Rxe7 32. fxg5 Rf8+ 33. Ke1
Rf5 34. Rd4 Rxg5 35. Kd2 Rge5 36. Qd3 Bf7 37. Rd8 b5 38. Qd4 Bc4 39. a4 a6 40.
a5 Kf7 41. Rd7 Rxe3 42. Qf4+ Kg7 43. Qxe3 Rxd7+ 44. Kc2 Rf7 45. Qe5+ Rf6 46. g4
Kf7 47. g5 Re6 48. Qh8 Ke7 49. Qxh7+ Kd6 50. h4 Be2 51. Qg7 Kc6 52. Kc3 Kd5 53.
Qd4+ Kc6 54. Qa7 Kd5 55. Qd4+ Kc6 56. Qc5+ Kd7 57. Kd4 Bc4 58. Qa7+ Ke8 59. h5
gxh5 60. Qh7 1-0

[Event "Montreal op"]
[Site "Montreal CAN"]
[Date "2016.09.09"]
[Round "1.14"]
[White "Kraiouchkine, Nikita"]
[Black "Allard, Laurent"]
[Result "0-1"]
[WhiteElo "2316"]
[BlackElo "2049"]
[PlyCount "72"]
[EventDate "2016.09.09"]
[EventType "swiss"]
[EventRounds "5"]
[EventCountry "CAN"]

1. d4 Nf6 2. Nf3 g6 3. Bf4 Bg7 4. h3 O-O 5. Nbd2 d5 6. e3 Nbd7 7. c3 c5 8. Bd3
b6 9. Qc2 Bb7 10. O-O-O a6 11. g4 b5 12. Kb1 Rc8 13. dxc5 Nxc5 14. Be5 Ncd7 15.
Bg3 b4 16. c4 dxc4 17. Bxc4 Nb6 18. b3 Nxc4 19. bxc4 Qb6 20. Be5 Nd5 21. Bxg7
Kxg7 22. Rde1 Nc3+ 23. Ka1 Rc5 24. e4 Ra5 25. Re3 Rxa2+ 26. Qxa2 Nxa2 27. Kxa2
a5 28. Rc1 a4 29. c5 b3+ 30. Kb2 Qb4 31. Rc4 a3+ 32. Kb1 a2+ 33. Kb2 a1=Q+ 34.
Kxa1 Qa3+ 35. Kb1 Qa2+ 36. Kc1 b2+ 0-1

[Event "Montreal op"]
[Site "Montreal CAN"]
[Date "2016.09.10"]
[Round "2.21"]
[White "Leger, Manon"]
[Black "Kraiouchkine, Nikita"]
[Result "0-1"]
[WhiteElo "2066"]
[BlackElo "2316"]
[PlyCount "44"]
[EventDate "2016.09.09"]
[EventType "swiss"]
[EventRounds "5"]
[EventCountry "CAN"]

1. e4 e5 2. Nf3 Nc6 3. Bb5 f5 4. d3 fxe4 5. dxe4 Nf6 6. Nbd2 Bc5 7. O-O d6 8.
c3 O-O 9. b4 Bb6 10. Qb3+ Kh8 11. Ng5 Qe7 12. Bc4 Nd8 13. Bb2 Nh5 14. Ngf3 Ne6
15. Rfe1 Ng5 16. Bf1 Bg4 17. c4 Bxf3 18. gxf3 Rf6 19. a4 Rg6 20. Bg2 Nf4 21. c5
Nxf3+ 22. Kf1 Rxg2 0-1

[Event "Montreal op"]
[Site "Montreal CAN"]
[Date "2016.09.10"]
[Round "3.12"]
[White "Kraiouchkine, Nikita"]
[Black "Turcotte, Jonathan"]
[Result "1/2-1/2"]
[WhiteElo "2316"]
[BlackElo "2102"]
[PlyCount "50"]
[EventDate "2016.09.09"]
[EventType "swiss"]
[EventRounds "5"]
[EventCountry "CAN"]

1. e4 c6 2. d4 d5 3. Nc3 dxe4 4. Nxe4 Bf5 5. Ng3 Bg6 6. h4 h6 7. Nf3 Nd7 8. Bd3
Bxd3 9. Qxd3 e6 10. Bf4 Qa5+ 11. Bd2 Bb4 12. c3 Be7 13. c4 Qc7 14. Nh5 Bf6 15.
O-O-O g6 16. Bf4 Qa5 17. Nxf6+ Ngxf6 18. Ne5 Qxa2 19. Rhe1 b5 20. Kc2 bxc4 21.
Nxc4 Nd5 22. Bd6 c5 23. Qb3 Nb4+ 24. Kc3 Nd5+ 25. Kc2 Nb4+ 1/2-1/2

[Event "Montreal op"]
[Site "Montreal CAN"]
[Date "2016.09.11"]
[Round "4.11"]
[White "Durette, Francis"]
[Black "Kraiouchkine, Nikita"]
[Result "0-1"]
[WhiteElo "2133"]
[BlackElo "2316"]
[PlyCount "80"]
[EventDate "2016.09.09"]
[EventType "swiss"]
[EventRounds "5"]
[EventCountry "CAN"]

1. e4 d5 2. exd5 Qxd5 3. Nc3 Qa5 4. d4 Nf6 5. Nf3 c6 6. Bc4 Bg4 7. O-O e6 8.
Bd2 Qb6 9. Na4 Qd8 10. Bb3 Be7 11. Be3 Nbd7 12. h3 Bh5 13. g4 Bg6 14. Qe2 Nd5
15. Bxd5 cxd5 16. Ne5 Nxe5 17. dxe5 Qd7 18. Nc5 Qc6 19. Nd3 h6 20. Rac1 O-O 21.
f4 Be4 22. Nf2 Bh7 23. Nd3 f6 24. Bd4 f5 25. Qf2 b6 26. Be3 fxg4 27. hxg4 Rac8
28. b3 Ba3 29. Rcd1 Qxc2 30. Rd2 Qc6 31. Qg3 Qe8 32. f5 exf5 33. gxf5 Rxf5 34.
Rxf5 Bxf5 35. Rg2 Bf8 36. Bxh6 Rc6 37. Nf4 Rxh6 38. Qg5 Bc5+ 39. Kf1 Rh1+ 40.
Ke2 Qxe5+ 0-1

[Event "Montreal op"]
[Site "Montreal CAN"]
[Date "2016.09.11"]
[Round "5.8"]
[White "Soudre, Nicolas"]
[Black "Kraiouchkine, Nikita"]
[Result "1-0"]
[WhiteElo "2150"]
[BlackElo "2316"]
[PlyCount "79"]
[EventDate "2016.09.09"]
[EventType "swiss"]
[EventRounds "5"]
[EventCountry "CAN"]

1. e4 d5 2. Nc3 e6 3. d4 Bb4 4. e5 c5 5. a3 Bxc3+ 6. bxc3 Qc7 7. Qg4 Ne7 8.
Qxg7 Rg8 9. Qxh7 cxd4 10. Ne2 Nbc6 11. f4 dxc3 12. Qd3 Bd7 13. Rb1 Rc8 14. g3
Na5 15. Nd4 a6 16. Bg2 Qc4 17. Qxc4 Rxc4 18. Nb3 Nxb3 19. Rxb3 Ba4 20. Rxb7
Bxc2 21. Bf1 Rc6 22. Rb8+ Kd7 23. Rb7+ Rc7 24. Rb6 Be4 25. Rg1 Nc6 26. Bxa6 d4
27. Ke2 Rb8 28. Rxb8 Nxb8 29. Bd3 Bd5 30. h4 Rb7 31. h5 Ke8 32. h6 Kf8 33. h7
Kg7 34. f5 exf5 35. Bxf5 Nc6 36. Bh6+ Kh8 37. Bg5 Bc4+ 38. Ke1 f6 39. Bxf6+ Rg7
40. Rh1 1-0

[Event "Choc des Generations"]
[Site "Montreal QC"]
[Date "2015.06.26"]
[Round "1"]
[White "Luksza, Arkadiusz"]
[Black "Kraiouchkine, Nikita"]
[Result "1/2-1/2"]
[WhiteElo "2124"]
[BlackElo "2257"]
[PlyCount "108"]
[EventDate "2015.06.26"]
[EventType "schev"]
[EventRounds "5"]
[EventCountry "CAN"]

1. d4 Nf6 2. Bg5 c6 3. c3 d5 4. Bxf6 exf6 5. Nd2 Be7 6. Ngf3 O-O 7. g3 Re8 8.
Bg2 Bf8 9. O-O a5 10. Re1 a4 11. Qc2 Be6 12. e4 dxe4 13. Nxe4 Nd7 14. Red1 Qa5
15. c4 Nb6 16. Nfd2 Qh5 17. c5 Nd5 18. a3 Bh3 19. Re1 Bxg2 20. Kxg2 f5 21. Nc3
f4 22. Qd1 Qf5 23. Qf3 Qc2 24. Nc4 Rad8 25. Rac1 Qb3 26. Rxe8 Rxe8 27. Nxd5
Qxf3+ 28. Kxf3 cxd5 29. Nb6 fxg3 30. hxg3 g6 31. Rd1 Bg7 32. Nxd5 Rd8 33. Nc3
Rxd4 34. Rxd4 Bxd4 35. Nxa4 f6 36. b4 Kf7 37. Nb6 Ke6 38. Nc4 Kd7 39. Ne3 Kc6
40. Ke4 Bc3 41. Kd3 Be1 42. Nd1 Kb5 43. Ke2 Bxb4 44. axb4 Kxb4 45. Ne3 Kxc5 46.
Ng4 f5 47. Nf6 h5 48. Nd7+ Kd6 49. Nf8 g5 50. Nh7 f4 51. Nxg5 fxg3 52. fxg3 Ke5
53. Nh3 Kf5 54. Nf2 b5 1/2-1/2